| 000 | 00527nam a22001937a 4500 | ||
|---|---|---|---|
| 003 | OSt | ||
| 005 | 20210218135633.0 | ||
| 007 | ta | ||
| 008 | 210218b2003 dr ||||er|||| 001 p spa d | ||
| 020 | _a9993488976 | ||
| 040 |
_aDO-SdBNP _bspa _cBNPHU |
||
| 041 | _hspa | ||
| 082 | _bR696d | ||
| 100 | 1 |
_aRodríguez , Sally _d1959- _977861 |
|
| 245 | 1 | 0 |
_aDiálogo sin cuerpo / _cSally Rodríguez |
| 260 |
_aSan Francisco de Macorís, República Dominicana _bÅngeles de Tierra _c2003 |
||
| 300 |
_a58 pg. _c17 cm. |
||
| 942 |
_2ddc _cLBS1 |
||
| 999 |
_c49414 _d49414 |
||